Fifa 20 zawodnicy 83+ (tylko złoci) - Statystyki

Ogólne statystyki
  • Ten quiz został rozwiązany 322 razy
    293 od ostatniego zresetowania
  • Średni wynik to 78 z 239
Statystyki odpowiedzi
Narodowość Ocena ogólna Klub Piłkarz % Poprawnych
Argentyna 94 FC Barcelona Messi
99%
Portugalia 93 Juventus Turyn Ronaldo
99%
Brazylia 92 PSG Neymar
97%
Słowenia 91 Atletico Madryt Oblak
93%
Belgia 91 Manchester CIty De Bruyne
91%
Chorwacja 90 Real Madryt Modric
90%
Egipt 90 Liverpool Salah
90%
Niemcy 90 FC Barcelona Ter Stegen
89%
Holandia 90 Liverpool Van Dijk
86%
Belgia 91 Real Madryt Hazard
85%
Urugwaj 89 FC Barcelona Suarez
82%
Argentyna 89 Manchester City Aguero
81%
Polska 89 Bayern Monachium Lewandowski
81%
Anglia 89 Tottenham Kane
79%
Francja 89 Chelsea Kante
78%
Francja 89 PSG Mbappe
77%
Włochy 89 Juventus Turyn Chiellini
76%
Hiszpania 89 Manchester United De Gea
75%
Hiszpania 89 Real Madryt Ramos
75%
Brazylia 89 Liverpool Alisson
74%
Argentyna 88 Juventus Turyn Dybala
72%
Senegal 89 SSC Napoli Koulibaly
72%
Hiszpania 89 FC Barcelona Busquets
71%
Niemcy 88 Borussia Dortmund Reus
70%
Francja 88 Manchester United Pogba
68%
Dania 88 Inter Mediolan Eriksen
67%
Francja 89 FC Barcelona Griezmann
66%
Senegal 88 Liverpool Mane
66%
Gabon 88 Arsenal Aubameyang
64%
Urugwaj 88 PSG Cavani
64%
Niemcy 88 Real Madryt Kroos
63%
Niemcy 88 Bayern Monachium Neuer
63%
Francja 88 Tottenham Lloris
62%
Hiszpania 88 FC Barcelona Pique
62%
Anglia 88 Manchester City Sterling
62%
Belgia 88 Real Madryt Courtois
60%
Brazylia 88 Manchester City Ederson
60%
Hiszpania 88 Manchester City David Silva
59%
Słowenia 88 Inter Mediolan Handanovic
59%
Urugwaj 88 Inter Mediolan Godin
58%
Kostaryka 87 PSG Navas
57%
Korea Południowa 87 Tottenham Son
57%
Polska 86 Juventus Turyn Szczesny
57%
Niemcy 87 Borussia Dortmund Hummels
53%
Włochy 87 SSC Napoli Insigne
53%
Belgia 87 SSC Napoli Mertens
53%
Hiszpania 87 Bayern Monachium Thiago
53%
Portugalia 87 Manchester City Bernardo Silva
52%
Francja 87 Manchester City Laporte
52%
Francja 87 Real Madryt Benzema
51%
Brazylia 87 Real Madryt Casemiro
51%
Chorwacja 86 FC Barcelona Rakitic
51%
Hiszpania 87 FC Barcelona Alba
50%
Bośnia i Hercegowina 86 Juventus Turyn Pjanic
50%
Włochy 86 PSG Verratti
50%
Włochy 86 Juventus Turyn Bonucci
48%
Argentyna 86 PSG Di Maria
48%
Włochy 86 Lazio Rzym Immobile
48%
Brazylia 87 PSG Thiago Silva
48%
Brazylia 87 Manchester City Fernandinho
47%
Brazylia 86 Liverpool Firmino
47%
Belgia 87 Tottenham Vertonghen
47%
Niemcy 86 RB Lipsk Werner
47%
Austria 85 Bayern Monachium Alaba
46%
Brazylia 86 PSG Marquinhos
46%
Niemcy 86 Bayern Monachium Kimmich
45%
Niemcy 86 Manchester City Sane
45%
Francja 86 Arsenal Lacazette
44%
Niemcy 86 Bayern Monachium Muller
44%
Francja 86 FC Barcelona Umtiti
44%
Kolumbia 85 Real Madryt Rodriguez
43%
Słowacja 86 Inter Mediolan Skriniar
43%
Belgia 87 Tottenham Alderweireld
42%
Hiszpania 85 Real Madryt Carvajal
41%
Brazylia 86 Bayern Monachium Coutinho
41%
Hiszpania 86 Valencia Parejo
41%
Walia 85 Real Madryt Bale
39%
Holandia 85 FC Barcelona De Jong
39%
Belgia 85 Inter Mediolan Lukaku
39%
Szkocja 85 Liverpool Robertson
39%
Belgia 85 Borussia Dortmund Witsel
39%
Szwecja 85 AC Milan Ibrahimovic
38%
Holandia 85 Juventus Turyn De Ligt
37%
Brazylia 85 Liverpool Fabinho
37%
Hiszpania 86 Real Madryt Isco
37%
Grecja 85 SSC Napoli Manolas
37%
Maroko 85 Ajax Amsterdam Ziyech
37%
Hiszpania 85 Atletico Madryt Koke
36%
Anglia 85 Leicester City Vardy
36%
Włochy 85 AC Milan Donnarumma
35%
Portugalia 85 Manchester United Fernandes
35%
Urugwaj 85 Atletico Madryt Gimenez
35%
Argentyna 85 Atalanta Bergamo Gomez
35%
Francja 85 FC Barcelona Lenglet
35%
Brazylia 85 Real Madryt Marcelo
35%
Serbia 85 Lazio Rzym Milinkovic-Savic
35%
Francja 85 Real Madryt Varane
35%
Brazylia 85 Juventus Turyn Alex Sandro
34%
Szwajcaria 85 Borussia Dortmund Burki
34%
Francja 85 Juventus Turyn Matuidi
34%
Anglia 84 Borussia Dortmund Sancho
34%
Hiszpania 85 Atletico Madyrt Saul
34%
Bośnia i Hercegowina 84 AS Roma Dzeko
33%
Portugalia 85 Olympique Lyon Lopes
33%
Chile 84 FC Barcelona Vidal
33%
Brazylia 85 SSC Napoli Allan
32%
Hiszpania 85 Celta Vigo Aspas
32%
Holandia 84 Olympique Lyon Depay
32%
Argentyna 85 PSG Icardi
32%
Algieria 84 Manchester City Mahrez
32%
Kamerun 85 Ajax Amsterdam Onana
32%
Hiszpania 85 Manchester City Rodri
32%
Grecja 84 Arsenal Sokratis
31%
Węgry 85 RB Lipsk Gulacsi
30%
Niemcy 85 Bayern Monachium Sule
30%
Portugalia 84 Manchester City Cancelo
28%
Niemcy 84 Manchester City Gundogan
28%
Hiszpania 84 Chelsea Kepa
26%
Niemcy 84 Arsenal Ozil
26%
Anglia 84 Manchester City Walker
26%
Francja 84 Real Betis Fekir
25%
Chorwacja 84 Bayern Monachium Perisic
25%
Szwajcaria 84 Borussia Monchengladbach Sommer
25%
Argentyna 85 Juventus Turyn Higuain
24%
Portugalia 84 Wolverhampton Wolves Moutinho
24%
Francja 84 Bayern Monachium Coman
23%
Włochy 84 Torino Sirigu
23%
Anglia 84 Tottenham Alli
22%
Brazylia 84 FC Barcelona Arthur
22%
Słowacja 84 Dalian Yifang Hamsik
22%
Polska 83 SSC Napoli Milik
22%
Francja 84 FC Barcelona Dembele
21%
Brazylia 84 Atletico Madryt Felipe
21%
Niemcy 84 Bayer Leverkusen Havertz
21%
Włochy 83 Chelsea Jorginho
21%
Serbia 83 Real Madryt Jovic
21%
Chorwacja 84 Juventus Turyn (Al-Duhail) Mandzukic
21%
Serbia 84 Ajax Amsterdam Tadic
21%
Bośnia i Hercegowina 84 Basaksehir Visca
21%
Holandia 84 Liverpool Wijnaldum
21%
Hiszpania 84 Chelsea Azpilicueta
20%
Niemcy 84 Bayern Monachium Boateng
20%
Holandia 84 Inter Mediolan De Vrij
20%
Niemcy 83 PSG Draxler
20%
Francja 84 Bayern Monachium Hernandez
20%
Argentyna 84 Inter Mediolan Martinez
20%
Brazylia 85 FC Barcelona Neto
20%
Wybrzeże Kości Słoniowej 83 Arsenal Pepe
20%
Francja 84 Saint-Etienne Ruffier
20%
Niemcy 84 Arsenal Leno
19%
Nigeria 84 Leicester City Ndidi
19%
Kolumbia 83 Tottenham Sanchez
19%
Kolumbia 83 Galatasaray Falcao
18%
Słowenia 84 Atalanta Bergamo Ilicic
18%
Hiszpania 84 Bayern Monachium Javi Martinez
18%
Brazylia 84 Guangzhou Evergrande Paulinho
18%
Czechy 84 Werder Brema Pavlenka
18%
Brazylia 84 Juventus Turyn Douglas Costa
17%
Brazylia 84 West Ham Felipe Anderson
17%
Senegal 83 PSG Gueye
17%
Anglia 83 Liverpool Henderson
17%
Hiszpania 84 SSC Napoli Callejon
16%
Niemcy 84 Bayern Monachium Gnabry
16%
Hiszpania 83 Vissel Kobe Iniesta
16%
Walia 83 Juventus Turyn Ramsey
16%
Anglia 83 Manchester City Stones
16%
Meksyk 83 Los Angeles FC Vela
16%
Niemcy 83 Juventus Turyn Khedira
15%
Belgia 83 RSC Anderlecht Kompany
15%
Brazylia 84 Lazio Rzym Lucas Leiva
15%
Hiszpania 84 Lazio Rzym Luis Alberto
15%
Portugalia 84 FC Porto Pepe
15%
Portugalia 84 Benfica Lizbona Pizzi
15%
Brazylia 84 FC Porto Alex Telles
14%
Niemcy 84 Bayern Monachium Goretzka
14%
Brazylia 83 Tottenham Lucas Moura
14%
Francja 83 Manchester United Martial
14%
Dania 83 Leicester City Schmeichel
14%
Niemcy 84 Borussia Dortmund Brandt
13%
Słowenia 83 RB Lipsk Kampl
13%
Wybrzeże Kości Słoniowej 83 Crystal Palace Zaha
13%
Kolumbia 83 Juventus Turyn Cuadrado
12%
Francja 83 West Ham Haller
12%
Portugalia 83 Wolverhampton Wolves Patricio
12%
Islandia 83 Everton Sigurdsson
12%
Belgia 83 Cagliari Nainggolan
11%
Anglia 83 Manchester United Rashford
11%
Chile 83 Bayer Leverkusen Aranguiz
10%
Argentyna 83 Sevilla Banega
10%
Belgia 83 Atletico Madryt Carrasco
10%
Hiszpania 83 FC Porto Casillas
10%
Hiszpania 83 SSC Napoli Fabian
10%
Finlandia 83 Bayer Leverkusen Hradecky
10%
Brazylia 83 Shanghai SIPG Oscar
10%
Argentyna 83 Manchester City Otamendi
10%
Anglia 83 Everton Pickford
10%
Włochy 83 Sampdoria Quagliarella
10%
Francja 83 Bayern Monachium Tolisso
10%
Szwajcaria 83 Borussia Dortmund Akanji
9%
Anglia 83 Liverpool Alexander-Arnold
9%
Francja 83 AS Monaco Ben Yedder
9%
Hiszpania 84 Real Betis Canales
9%
Brazylia 83 Arsenal David Luiz
9%
Argentyna 83 Valencia Garay
9%
Chorwacja 83 Hoffenheim Kramaric
9%
Niemcy 83 Fenerbahce SK Kruse
9%
Francja 83 Juventus Turyn Rabiot
9%
Holandia 83 Ajax Amsterdam Blind
8%
Togo 83 Getafe Djene
8%
Norwegia 83 Hertha Berlin Jarstein
8%
Argentyna 83 Tottenham Lo Celso
8%
Hiszpania 83 PSG Pablo Sarabia
8%
Hiszpania 83 Benfica Lizbona Grimaldo
7%
Niemcy 83 Eintracht Frankfurt Trapp
7%
Włochy 83 Juventus Turyn Buffon
6%
Belgia 83 Wolfsburg Casteels
6%
Holandia 83 Valencia Cillessen
6%
Francja 83 Everton Digne
6%
Francja 83 Atletico Madryt Lemar
6%
Hiszpania 83 AS Roma Pau Lopez
6%
Hiszpania 83 Villarreal Raul Albiol
6%
Włochy 83 AC Milan Romagnoli
6%
Portugalia 83 Real Betis William Carvalho
5%
Włochy 83 Lazio Rzym Acerbi
4%
Hiszpania 83 Real Betis Bartra
4%
Portugalia 83 FC Porto Danilo Pereira
4%
Hiszpania 83 Atletico Madryt Diego Costa
4%
Hiszpania 83 Real Sociedad Illarramendi
4%
Hiszpania 83 Atletico Madryt Morata
4%
Francja 83 Olympique Marsylia Thauvin
4%
Włochy 83 Juventus Turyn Bernardeschi
3%
Portugalia 83 Valencia Goncalo Guedes
3%
Hiszpania 83 Real Madryt Marco Asensio
3%
Hiszpania 83 Valencia Rodrigo
3%
Niemcy 83 Bayer Leverkusen Tah
3%
Brazylia 83 Guangzhou Evergrande Anderson Talisca
2%
Brazylia 83 Jiangsu Suning Miranda
2%
Hiszpania 83 Real Betis Borja Iglesias
1%
Hiszpania 83 Villarreal Paco Alcacer
0%
Nie znaleziono quizów pasujących do podanych kryteriów
Rozkład punktacji
Procent ludzi z każdym wynikiem
Percentyl według liczby udzielonych odpowiedzi
Twoja historia wyników
Nie rozwiązałeś tego quizu od ostatniego zresetowania